<?xml version="1.0" encoding="UTF-8"?>
<record
    xmlns:xsi="http://www.w3.org/2001/XMLSchema-instance"
    xsi:schemaLocation="http://www.loc.gov/MARC21/slim http://www.loc.gov/standards/marcxml/schema/MARC21slim.xsd"
    xmlns="http://www.loc.gov/MARC21/slim">

  <leader>01233nam a22001697a 4500</leader>
  <controlfield tag="003">SGT</controlfield>
  <datafield tag="020" ind1=" " ind2=" ">
    <subfield code="a">9788131518427</subfield>
  </datafield>
  <datafield tag="082" ind1=" " ind2=" ">
    <subfield code="a">658.84,ROS</subfield>
  </datafield>
  <datafield tag="100" ind1=" " ind2=" ">
    <subfield code="a">ROSENBLOOM,BERT</subfield>
  </datafield>
  <datafield tag="245" ind1=" " ind2=" ">
    <subfield code="a">MARKETING CHANNELS: A MANAGEMENT VIEW</subfield>
  </datafield>
  <datafield tag="250" ind1=" " ind2=" ">
    <subfield code="a">8TH</subfield>
  </datafield>
  <datafield tag="260" ind1=" " ind2=" ">
    <subfield code="a">NEW DELHI</subfield>
    <subfield code="b">CENGAGE LEARNING</subfield>
    <subfield code="c">2013</subfield>
  </datafield>
  <datafield tag="300" ind1=" " ind2=" ">
    <subfield code="a">660</subfield>
  </datafield>
  <datafield tag="650" ind1=" " ind2=" ">
    <subfield code="a">MARKETING </subfield>
  </datafield>
  <datafield tag="653" ind1=" " ind2=" ">
    <subfield code="a">1. MARKETING CHANNEL CONCEPTS. 2. MARKETING CHANNEL PARTICIPANTS. 3. THE ENVIRONMENT OF MARKETING CHANNELS. 4. BEHAVIORAL PROCESSES IN MARKETING CHANNELS. PART II: DEVELOPING THE MARKETING CHANNEL. 5. STRATEGY IN MARKETING CHANNELS. 6. DESIGNING MARKETING CHANNELS. 7. SELECTING CHANNEL PARTNERS. 8. TARGET MARKETS AND CHANNEL DESIGN STRATEGY. PART III: MANAGING MARKETING CHANNELS. 9. MOTIVATING THE CHANNEL MEMBERS. 10. PRODUCT ISSUES IN CHANNEL MANAGEMENT. 11. PRICING ISSUES IN CHANNEL MANAGEMENT. 12. PROMOTION IN MARKETING CHANNELS. 13. LOGISTICS AND SUPPLY CHAIN MANAGEMENT IN MARKETING CHANNELS. 14. EVALUATING CHANNEL MEMBER PERFORMANCE. PART IV: ADDITIONAL PERSPECTIVES ON MARKETING CHANNELS. 15. ONLINE CHANNEL SYSTEMS AND MANAGEMENT. 16. FRANCHISE MARKETING CHANNELS. 17. MARKETING CHANNELS FOR SERVICES. 18. GLOBAL MARKETING CHANNELS. PART V: CASES.</subfield>
  </datafield>
  <datafield tag="942" ind1=" " ind2=" ">
    <subfield code="2">ddc</subfield>
    <subfield code="c">FCM</subfield>
  </datafield>
  <datafield tag="952" ind1=" " ind2=" ">
    <subfield code="0">0</subfield>
    <subfield code="1">0</subfield>
    <subfield code="2">ddc</subfield>
    <subfield code="4">0</subfield>
    <subfield code="7">1</subfield>
    <subfield code="8">CM</subfield>
    <subfield code="a">SSSL</subfield>
    <subfield code="b">SSSL</subfield>
    <subfield code="c">REF</subfield>
    <subfield code="d">2016-07-05</subfield>
    <subfield code="e">GIFT BY DR. J.D. SINGH</subfield>
    <subfield code="g">650.00</subfield>
    <subfield code="i">SGTU</subfield>
    <subfield code="o">658.84,ROS</subfield>
    <subfield code="p">CM1223</subfield>
    <subfield code="r">2016-07-05 00:00:00</subfield>
    <subfield code="w">2016-07-05</subfield>
    <subfield code="y">FCM</subfield>
  </datafield>
  <datafield tag="999" ind1=" " ind2=" ">
    <subfield code="c">9477</subfield>
    <subfield code="d">9477</subfield>
  </datafield>
</record>
